<?xml version="1.0" encoding="UTF-8"?><?xml-stylesheet type="text/xsl" href="static/style.xsl"?><OAI-PMH xmlns="http://www.openarchives.org/OAI/2.0/" xmlns:xsi="http://www.w3.org/2001/XMLSchema-instance" xsi:schemaLocation="http://www.openarchives.org/OAI/2.0/ http://www.openarchives.org/OAI/2.0/OAI-PMH.xsd"><responseDate>2026-06-29T02:07:08Z</responseDate><request verb="GetRecord" identifier="oai:docta.ucm.es:20.500.14352/112881" metadataPrefix="marc">https://docta.ucm.es/rest/oai/request</request><GetRecord><record><header><identifier>oai:docta.ucm.es:20.500.14352/112881</identifier><datestamp>2024-12-20T12:29:49Z</datestamp><setSpec>com_20.500.14352_14</setSpec><setSpec>col_20.500.14352_15</setSpec></header><metadata><record xmlns="http://www.loc.gov/MARC21/slim" xmlns:dcterms="http://purl.org/dc/terms/" xmlns:xsi="http://www.w3.org/2001/XMLSchema-instance" xmlns:doc="http://www.lyncode.com/xoai" xsi:schemaLocation="http://www.loc.gov/MARC21/slim http://www.loc.gov/standards/marcxml/schema/MARC21slim.xsd">
   <leader>00925njm 22002777a 4500</leader>
   <datafield ind2=" " ind1=" " tag="042">
      <subfield code="a">dc</subfield>
   </datafield>
   <datafield ind2=" " ind1=" " tag="720">
      <subfield code="a">Megia Palma, Rodrigo Manuel</subfield>
      <subfield code="e">author</subfield>
   </datafield>
   <datafield ind2=" " ind1=" " tag="720">
      <subfield code="a">Martínez, Javier</subfield>
      <subfield code="e">author</subfield>
   </datafield>
   <datafield ind2=" " ind1=" " tag="720">
      <subfield code="a">Acevedo, Iván</subfield>
      <subfield code="e">author</subfield>
   </datafield>
   <datafield ind2=" " ind1=" " tag="720">
      <subfield code="a">Martín, José</subfield>
      <subfield code="e">author</subfield>
   </datafield>
   <datafield ind2=" " ind1=" " tag="720">
      <subfield code="a">García Roa, Roberto</subfield>
      <subfield code="e">author</subfield>
   </datafield>
   <datafield ind2=" " ind1=" " tag="720">
      <subfield code="a">Ortega, Jesús</subfield>
      <subfield code="e">author</subfield>
   </datafield>
   <datafield ind2=" " ind1=" " tag="720">
      <subfield code="a">Peso Fernández, Marcos</subfield>
      <subfield code="e">author</subfield>
   </datafield>
   <datafield ind2=" " ind1=" " tag="720">
      <subfield code="a">Albadalejo, Gonzalo</subfield>
      <subfield code="e">author</subfield>
   </datafield>
   <datafield ind2=" " ind1=" " tag="720">
      <subfield code="a">Cooper, Robert D.</subfield>
      <subfield code="e">author</subfield>
   </datafield>
   <datafield ind2=" " ind1=" " tag="720">
      <subfield code="a">Paranjpe, Dhanashree A.</subfield>
      <subfield code="e">author</subfield>
   </datafield>
   <datafield ind2=" " ind1=" " tag="720">
      <subfield code="a">Sinervo, Barry R.</subfield>
      <subfield code="e">author</subfield>
   </datafield>
   <datafield ind2=" " ind1=" " tag="720">
      <subfield code="a">Merino, Santiago</subfield>
      <subfield code="e">author</subfield>
   </datafield>
   <datafield ind2=" " ind1=" " tag="260">
      <subfield code="c">2015</subfield>
   </datafield>
   <datafield ind2=" " ind1=" " tag="520">
      <subfield code="a">Reptiles are the animals with the most described coccidian species among all vertebrates. However, the co-evolutionary relationships in this host–parasite system have been scarcely studied. Paperna &amp; Landsberg (South African Journal of Zoology, 24, 1989, 345) proposed the independent evolutionary origin of the Eimeria-like species isolated from reptiles based on morphological and developmental characteristics of their oocysts. Accordingly, they suggested the reclassification of these parasites in two new genera, Choleoeimeria and Acroeimeria. The validity of the genera proposed to classify reptilian Eimeria species remained unresolved due to the lack of species genetically characterized. In this study, we included 18S rRNA gene sequences from seven Eimeria-like species isolated from five different lizard host families. The phylogenetic analyses confirmed the independent evolutionary origin of the Eimeria-like species infecting lizards. Within this group, most species were placed into two monophyletic clades. One of them included the species with ellipsoidal oocysts (i.e. Choleoeimeria-like oocysts), whereas the species with more spheroidal oocysts (i.e. Acroeimeria-like oocysts) were included in the second one. This result supports the taxonomic validity of the genera Acroeimeria and Choleoeimeria.</subfield>
   </datafield>
   <datafield ind1="8" ind2=" " tag="024">
      <subfield code="a">Megía-Palma, R., Martínez, J., Acevedo, I., Martín, J., García-Roa, R., Ortega, J., Peso-Fernández, M., Albaladejo, G., Cooper, R. D., Paranjpe, D. A., Sinervo, B. R., &amp; Merino, S. (2015). Phylogeny of the reptilian Eimeria: Are Choleoeimeria and Acroeimeria valid generic names? Zoologica Scripta, 44(6), 1-9. https://doi.org/10.1111/ZSC.12126</subfield>
   </datafield>
   <datafield ind1="8" ind2=" " tag="024">
      <subfield code="a">0300-3256</subfield>
   </datafield>
   <datafield ind1="8" ind2=" " tag="024">
      <subfield code="a">10.1111/zsc.12126</subfield>
   </datafield>
   <datafield ind1="8" ind2=" " tag="024">
      <subfield code="a">https://hdl.handle.net/20.500.14352/112881</subfield>
   </datafield>
   <datafield ind1="8" ind2=" " tag="024">
      <subfield code="a">1463-6409</subfield>
   </datafield>
   <datafield ind1="8" ind2=" " tag="024">
      <subfield code="a">https://doi.org/10.1111/zsc.12126</subfield>
   </datafield>
   <datafield ind1="8" ind2=" " tag="024">
      <subfield code="a">https://onlinelibrary.wiley.com/doi/10.1111/zsc.12126</subfield>
   </datafield>
   <datafield ind2="0" ind1="0" tag="245">
      <subfield code="a">Phylogeny of the reptilian Eimeria, are Choleoeimeria and Acroeimeria valid generic names</subfield>
   </datafield>
</record></metadata></record></GetRecord></OAI-PMH>